|
|
|
|
| LEADER |
02937nam a22005415i 4500 |
| 001 |
978-3-540-32658-8 |
| 003 |
DE-He213 |
| 005 |
20151204184223.0 |
| 007 |
cr nn 008mamaa |
| 008 |
100301s2006 gw | s |||| 0|eng d |
| 020 |
|
|
|a 9783540326588
|9 978-3-540-32658-8
|
| 024 |
7 |
|
|a 10.1007/3-540-32658-8
|2 doi
|
| 040 |
|
|
|d GrThAP
|
| 050 |
|
4 |
|a TP248.13-248.65
|
| 072 |
|
7 |
|a TCB
|2 bicssc
|
| 072 |
|
7 |
|a SCI010000
|2 bisacsh
|
| 082 |
0 |
4 |
|a 660.6
|2 23
|
| 245 |
1 |
0 |
|a Proteins at Solid-Liquid Interfaces
|h [electronic resource] /
|c edited by Philippe Déjardin.
|
| 264 |
|
1 |
|a Berlin, Heidelberg :
|b Springer Berlin Heidelberg,
|c 2006.
|
| 300 |
|
|
|a XVI, 330 p. 162 illus.
|b online resource.
|
| 336 |
|
|
|a text
|b txt
|2 rdacontent
|
| 337 |
|
|
|a computer
|b c
|2 rdamedia
|
| 338 |
|
|
|a online resource
|b cr
|2 rdacarrier
|
| 347 |
|
|
|a text file
|b PDF
|2 rda
|
| 490 |
1 |
|
|a Principles and Practice
|
| 505 |
0 |
|
|a Analysis of the Adsorption Kinetics -- Protein Adsorption Kinetics: Influence of Substrate Electric Potential -- From Kinetics to Structure: High Resolution Molecular Microscopy -- Initial Adsorption Kinetics in a Rectangular Thin Channel, and Coverage-Dependent Structural Transition Observed by Streaming Potential -- Analysis of the Structure at the Interface -- Dual Polarisation Interferometry: An Optical Technique to Measure the Orientation and Structure of Proteins at the Solid-Liquid Interface in Real Time -- Total Internal Reflection Ellipsometry: Monitoring of Proteins on Thin Metal Films -- Conformations of Proteins Adsorbed at Liquid-Solid Interfaces -- Evaluation of Proteins on Bio-Devices -- Some Applications -- Fibronectin at Polymer Surfaces with Graduated Characteristics -- Development of Chemical Microreactors by Enzyme Immobilization onto Textiles -- Approaches to Protein Resistance on the Polyacrylonitrile-based Membrane Surface: an Overview -- Modulation of the Adsorption and Activity of Protein/Enzyme on the Polypropylene Microporous Membrane Surface by Surface Modification -- Nonbiofouling Surfaces Generated from Phosphorylcholine-Bearing Polymers.
|
| 650 |
|
0 |
|a Chemistry.
|
| 650 |
|
0 |
|a Biotechnology.
|
| 650 |
|
0 |
|a Physical chemistry.
|
| 650 |
|
0 |
|a Biochemistry.
|
| 650 |
|
0 |
|a Biophysics.
|
| 650 |
|
0 |
|a Biological physics.
|
| 650 |
|
0 |
|a Materials
|x Surfaces.
|
| 650 |
|
0 |
|a Thin films.
|
| 650 |
1 |
4 |
|a Chemistry.
|
| 650 |
2 |
4 |
|a Biotechnology.
|
| 650 |
2 |
4 |
|a Biophysics and Biological Physics.
|
| 650 |
2 |
4 |
|a Physical Chemistry.
|
| 650 |
2 |
4 |
|a Biochemistry, general.
|
| 650 |
2 |
4 |
|a Surfaces and Interfaces, Thin Films.
|
| 700 |
1 |
|
|a Déjardin, Philippe.
|e editor.
|
| 710 |
2 |
|
|a SpringerLink (Online service)
|
| 773 |
0 |
|
|t Springer eBooks
|
| 776 |
0 |
8 |
|i Printed edition:
|z 9783540326571
|
| 830 |
|
0 |
|a Principles and Practice
|
| 856 |
4 |
0 |
|u http://dx.doi.org/10.1007/3-540-32658-8
|z Full Text via HEAL-Link
|
| 912 |
|
|
|a ZDB-2-CMS
|
| 950 |
|
|
|a Chemistry and Materials Science (Springer-11644)
|